000 00521nam a2200169Ia 4500
008 190805s9999||||xx |||||||||||||| ||und||
020 _a9789352623365
_cRs. 440.00
082 0 4 _a382
_bC4246
100 1 _aCherunilam, Francis
245 1 0 _aInternational Trade and Export Management /
_cFrancis Cherunilam
250 _a20th rev. ed.
260 _aMumbai :
_bHimayala Publishing House,
_c2017
300 _a538 p.
_b :
_c; 24.5 cm.
650 0 _aInternational trade
_vTextbooks
942 _cBK
999 _c275
_d275